[Event "Heinola Suomi 100 ottelu Vierumaki"]
[Site "Heinola"]
[Date "2017.11.18"]
[Round "2"]
[White "Devyatkin, Aleksandr"]
[Black "Grimm, Balazs"]
[Result "0-1"]
[WhiteElo "1672"]
[BlackElo "1783"]
[PlyCount "80"]
[EventDate "2017.11.17"]
[EventType "swiss"]
[EventRounds "3"]
[EventCountry "FIN"]
[SourceTitle "EXT 2022"]
[Source "ChessBase"]
[SourceDate "2021.10.06"]
[SourceVersion "1"]
[SourceVersionDate "2021.10.06"]
[SourceQuality "1"]

1. c4 e5 2. Nc3 Nc6 3. e3 Nf6 4. d4 exd4 5. exd4 d5 6. Nf3 Bg4 7. Be3 Bb4 8. h3 Bh5 9. g4 Bg6 10. a3 Bxc3+ 11. bxc3 Ne4 12. Rc1 0-0 13. c5 f5 14. c4 f4 15. Bd2 Qe7 16. Be2 Rad8 17. 0-0 Kh8 18. cxd5 Rxd5 19. Bc4 Rdd8 20. Re1 Nxd4 21. Nxd4 Rxd4 22. f3 Qd8 23. fxe4 Rxd2 24. Qf3 Qd4+ 25. Kf1 Qe5 26. Bb3 Rfd8 27. Rc3 R8d4 28. c6 b6 29. Bc2 Bf7 30. Bd3 Rd6 31. Rec1 Qd4 32. Be2 h6 33. h4 Re6 34. Bc4 Re7 35. Qxf4 Bxc4+ 36. Rxc4 Qd3+ 37. Kg1 Rf7 38. Qe5 Qe3+ 39. Kh1 Qh3+ 40. Kg1 Qg2# 0-1